Statystyki dla Dopasuj Miasto do Państwa - Poziom Trudny

Kliknij tutaj aby rozwiązać quiz!

Ogólne statystyki

  • Ten quiz został rozwiązany 32 razy
  • Średni wynik to 12 z 18

Statystyki odpowiedzi

MiastoPaństwo% Poprawnych
CzelabińskRosja
90%
AłmatyKazachstan
87%
KolkataIndie
84%
NagojaJaponia
84%
A CoruñaHiszpania
81%
LucernaSzwajcaria
81%
AdelaideAustralia
77%
NuukDania
74%
BloemfonteinRepublika Południowej Afryki
71%
San JoseStany Zjednoczone
68%
MostarBośnia i Hercegowina
65%
KurytybaBrazylia
65%
AlbuquerqeStany Zjednoczone
65%
AgadirMaroko
55%
DalianChiny
52%
AsuanEgipt
32%
DolskPolska
26%
HolguínKuba
16%

Rozkład punktacji

Percentyl według liczby udzielonych odpowiedzi

Procent ludzi z każdym wynikiem

Twoja historia wyników

Nie rozwiązałeś tego quizu